An Introduction To Tropical Rain Forecsts (Record no. 246140)

MARC details
000 -LEADER
fixed length control field 00284pam a2200133 a 4500
020 ## - INTERNATIONAL STANDARD BOOK NUMBER
Terms of availability
041 ## - LANGUAGE CODE
Language code of original
100 ## - MAIN ENTRY--PERSONAL NAME
Personal name T.C. Whitmore
245 ## - TITLE STATEMENT
Title An Introduction To Tropical Rain Forecsts
Medium Textual Documents
260 ## - PUBLICATION, DISTRIBUTION, ETC.
Date of publication, distribution, etc. 1990
300 ## - PHYSICAL DESCRIPTION
Extent 226
653 ## - INDEX TERM--UNCONTROLLED
Uncontrolled term Forestry
930 ## - EQUIVALENCE OR CROSS-REFERENCE-UNIFORM TITLE HEADING [LOCAL, CANADA]
Uniform title 287
Holdings
Withdrawn status Lost status Damaged status Not for loan Home library Current library Date acquired Source of acquisition Total Checkouts Full call number Barcode Date last seen Copy number Price effective from Koha item type
        Institute of Environment Education & Research, Pune Institute of Environment Education & Research, Pune 19/09/2011   EVP-13 03/04/2023 1 03/04/2023 Book